| 000 | 00494pab a2200169 454500 | ||
|---|---|---|---|
| 008 | 180718b2011 xxu||||| |||| 00| 0 eng d | ||
| 100 | _aThorn, Richard | ||
| 245 | _aInstitutes of technology in Ireland: Strategic position, workforce education and societal need | ||
| 260 | _c2011 | ||
| 300 | _ap.69-86. | ||
| 650 | _aEducation - Ireland | ||
| 650 | _aTechnological institutes - Ireland | ||
| 650 | _aTechnological institutes | ||
| 773 | _aAdministration | ||
| 908 | _aN | ||
| 909 | _a91566 | ||
| 999 |
_c91566 _d91566 |
||